Statistics for Oregon General Knowledge

Click here to take the quiz!

General Stats

  • This quiz has been taken 78 times
  • The average score is 11 of 15

Answer Stats

HintAnswer% Correct
Largest city in Oregon known for its parks and bridgesPortland
100%
NBA team in PortlandTrail Blazers
100%
Major footwear manufacturing company HQ in BeavertonNike
97%
State capital known for gardens and local artistsSalem
97%
Animal on the flag, Nickname: ______ StateBeaver
94%
Second largest city and home to University of OregonEugene
94%
Location of Oregon State UniversityCorvallis
85%
Highest point in oregon, active stratovolcanoMount Hood
79%
National Park Cascade Mountains of southern OregonCrater Lake
76%
Major waterfall in above locationMultnomah Falls
55%
State park near Silverton, known for its waterfallsSilver Falls
48%
Small coastal town known for Haystack Rock and PuffinsCannon Beach
42%
Famous cartoonist who created The SimpsonsMatt Groening
42%
National scenic area near Mount HoodColumbia River Gorge
33%
State park located in central Oregon's High DesertSmith Rock
21%

Score Distribution

Percentile by Number Answered

Percent of People with Each Score

Your Score History

You have not taken this quiz